Statistics for Most densely populated North American countries

Click here to take the quiz!

General Stats

  • This quiz has been taken 26 times
    (9 since last reset)
  • The average score is 10 of 14

Answer Stats

People per sq kmAnswer% Correct
825Grenada
89%
647Barbados
89%
318El Salvador
89%
292Haiti
89%
248Jamaica
89%
183Dominican Republic
89%
102Cuba
89%
91Dominica
89%
269St Lucia
78%
134Guatemala
78%
302St Vincent and Grenadines
67%
212Trinidad and Tobago
22%
155Antigua and Barbuda
22%
149St Kitts and Nevis
11%

Score Distribution

Percentile by Number Answered

Percent of People with Each Score

Your Score History

You have not taken this quiz since the last reset